Detalles MARC
| 000 -CABECERA |
| campo de control de longitud fija |
00858cam a2200277 a 4500 |
| 001 - NÚMERO DE CONTROL |
| campo de control |
000019615 |
| 005 - FECHA Y HORA DE LA ÚLTIMA TRANSACCIÓN |
| campo de control |
20260317133558.0 |
| 008 - DATOS DE LONGITUD FIJA--INFORMACIÓN GENERAL |
| campo de control de longitud fija |
761221s1950 sp 001 e spa d |
| 010 ## - NÚMERO DE CONTROL DE LA BIBLIOTECA DEL CONGRESO |
| Número de control de LC |
a 51004964 |
| 035 ## - NÚMERO DE CONTROL DEL SISTEMA |
| Número de control de sistema |
(DLC)a 51004964 |
| 035 ## - NÚMERO DE CONTROL DEL SISTEMA |
| Número de control de sistema |
(OCoLC)2639070 |
| 040 ## - FUENTE DE LA CATALOGACIÓN |
| Centro catalogador/agencia de origen |
DO-SdBNP |
| Centro/agencia transcriptor |
TxSmS |
| Centro/agencia modificador |
OCoLC |
| -- |
DLC |
| 082 ## - NÚMERO DE LA CLASIFICACIÓN DECIMAL DEWEY |
| Número de clasificación |
901 |
| Número de documento/Ítem |
R763h |
| 049 ## - FONDOS LOCALES (OCLC) |
| Fondos de biblioteca |
BNGR |
| 100 1# - ENTRADA PRINCIPAL--NOMBRE DE PERSONA |
| Nombre de persona |
Romero, Francisco, |
| Fechas asociadas al nombre |
1891-1962. |
| 9 (RLIN) |
42056 |
| 245 13 - MENCIÓN DE TÍTULO |
| Título |
El hombre y la cultura / |
| Mención de responsabilidad, etc. |
Francisco Romero. |
| 260 ## - PUBLICACIÓN, DISTRIBUCIÓN, ETC. |
| Lugar de publicación, distribución, etc. |
Madrid : |
| Nombre del editor, distribuidor, etc. |
Espasa-Calpe, |
| Fecha de publicación, distribución, etc. |
1950. |
| 300 ## - DESCRIPCIÓN FÍSICA |
| Extensión |
147 p. ; |
| Dimensiones |
18 cm. |
| 490 0# - MENCIÓN DE SERIE |
| Mención de serie |
Austral. Verde : ensayo y filosofía |
| Designación de volumen o secuencia |
940 |
| 500 ## - NOTA GENERAL |
| Nota general |
Incluye índice de autores |
| 650 #4 - PUNTO DE ACCESO ADICIONAL DE MATERIA--TÉRMINO DE MATERIA |
| Término de materia o nombre geográfico como elemento de entrada |
Filosofía de la historia. |
| 9 (RLIN) |
4944 |
| 650 #0 - PUNTO DE ACCESO ADICIONAL DE MATERIA--TÉRMINO DE MATERIA |
| Término de materia o nombre geográfico como elemento de entrada |
Cultura |
| 9 (RLIN) |
89224 |
| 650 #0 - PUNTO DE ACCESO ADICIONAL DE MATERIA--TÉRMINO DE MATERIA |
| Término de materia o nombre geográfico como elemento de entrada |
Civilización |
| 9 (RLIN) |
4943 |
| 830 #0 - PUNTO DE ACCESO ADICIONAL DE SERIE-TÍTULO UNIFORME |
| Título uniforme |
Austral. |
| Nombre de parte o sección de la obra |
Verde : Ensayo y filosofía |
| 9 (RLIN) |
42057 |
| 910 ## - DATOS DE OPCIÓN DEL USUARIO (OCLC) |
| Datos de opción del usuario |
Catalogación derivada / LC |